000
00319nam a2200133Ia 4500
100
_a
Bedworth/D.D/ Bailey/J.E
942
_c
BK
654
_a
production
245
_a
Integrated production control system
260
_b
John wiley and sons
_a
New York
_c
1987
082
_a
658.5
_b
BED
300
_a
477
546
_a
ENGLISH
999
_c
20008
_d
20008